LEADER 00956nam0-2200361---450 001 990000761860203316 005 20210413110918.0 010 $a88-04-41603-3$dL. 14000 020 $aIT$b96-11673 035 $a0076186 035 $aUSA010076186 035 $a(ALEPH)000076186USA01 035 $a0076186 100 $a20011122d1996----y0itay01 ba 101 $aita 102 $aIT 105 $a00||| 200 1 $aYitzhak Rabin$e1210 giorni per la pace$fArrigo Levi 210 $aMilano$cMondadori$d1996 215 $a154 p.$d19 cm 225 2 $aPiccole frecce 300 $aScritti vari 410 0$12001$aPiccole frecce 600 1$aRabin,$bYitzhak 676 $a956.9405092 700 1$aLEVI,$bArrigo$0133453 801 0$aIT$bBNI$c19970204$gRICA 912 $a990000761860203316 951 $aX.3.B. 617(Varie Coll. 1116/1)$b127649 L.M.$cVarie Coll. 959 $aBK 969 $aUMA 996 $aYitzhak Rabin$9964774 997 $aUNISA